Представление документа в формате MARC21

Поле Инд. ПП Название Значение
Тип записи a
Библиографический уровень m
001 Контрольный номер 20de1f3fc912487c869172f090f2ea60
005 Дата корректировки 20260113092744.2
020 a ISBN 978-5-534-13681-4
c Цена, тираж 51-80
040 b Код языка каталог. rus
e Правила каталог. PSBO
041 0_ a Код языка текста rus
080 a Индекс УДК 004.43
080 a Индекс УДК 621.3(075.8)
084 a Индекс другой классификации/Индекс ББК 32.972я73
090 a Полочн. индекс 681.3
x Авторский знак К84
097 b Оператор 03
100 1_ a Автор Крутских В. В.
245 10 a Заглавие Моделирование в LabVIEW
b Продолж. заглавия учебник для вузов
260 a Место издания Москва
b Издательство Юрайт
c Дата издания 2025
300 a Объем 171 с.
336 a Термин вида содержания Текст
337 a Термин типа средства непосредственный
440 _0 a Серия Высшее образование
510 0_ a Примечание о ссылках Книги и методические пособия
650 04 a Основная рубрика 50.41 Программное обеспечение вычислительных машин, комплексов и сетей
x Основная подрубрика 50.41.23 Программное обеспечение вычислительных сетей
653 0_ a Ключевые слова LabVIEW; моделирование радиотехнических сигналов; моделирование линейных цепей; Arduino; моделирование систем связи
900 a Имя электронного ресурса Крутских - Моделирование в LabView (001)
900 a Имя электронного ресурса Крутских - Моделирование в LabView
901 t Тип документа m